Name the 2022-23 Knicks Roster - Statistics

General Stats
  • This quiz has been taken 8 times
  • The average score is 11 of 18
Answer Stats
Position Name College % Correct
C Isaiah Hartenstein Germany
100%
PG Jalen Brunson Villanova
100%
SF Josh Hart Villanova
100%
SG Quentin Grimes Houston
100%
SG Evan Fournier France
71%
PF Julius Randle Kentucky
71%
PG Miles McBride West Virginia
71%
C Mitchell Robinson Western Kentucky
71%
SG RJ Barrett Duke
71%
SG Immanuel Quickley Kentucky
57%
C Jericho Sims Texas
57%
PF Obi Toppin Dayton
43%
PG Ryan Arcidiacono Villanova
43%
SF Cam Reddish Duke
29%
PG Derrick Rose Memphis
29%
SG Trevor Keels Duke
29%
SG DaQuan Jeffries Tulsa
14%
SF Svi Mykhailiuk Kansas
14%
No matching quizzes found
Score Distribution
Percent of People with Each Score
Percentile by Number Answered
Your Score History
You have not taken this quiz